Introduction au droit japonais, (رقم التسجيلة. 135438)

تفاصيل مارك
000 -LEADER
fixed length control field 00985cam a22002771 4500
008 - FIXED-LENGTH DATA ELEMENTS--GENERAL INFORMATION
fixed length control field 800228s1966 fr b 000 0 fre
010 ## - LIBRARY OF CONGRESS CONTROL NUMBER
LC control number 67105650
040 ## - CATALOGING SOURCE
Original cataloging agency DLC
Transcribing agency AzU
Modifying agency AzU
-- NBL
-- DLC
050 00 - LIBRARY OF CONGRESS CALL NUMBER
Classification number KNX68
Item number .N63 1966
082 ## - DEWEY DECIMAL CLASSIFICATION NUMBER
Classification number 340.0952
092 04 - LOCALLY ASSIGNED DEWEY CALL NUMBER (OCLC)
Classification number 340.0952
Item number N761i
Edition number 21
099 ## - LOCAL FREE-TEXT CALL NUMBER (OCLC)
Classification number 04
-- 340.0952 N761i
100 1# - MAIN ENTRY--PERSONAL NAME
Personal name Noda, Yoshiyuki,
Dates associated with a name 1912-1985.
245 10 - TITLE STATEMENT
Title Introduction au droit japonais,
Statement of responsibility, etc. par Yosiyuki Noda.
260 ## - PUBLICATION, DISTRIBUTION, ETC.
Place of publication, distribution, etc. Paris,
Name of publisher, distributor, etc. Dalloz,
Date of publication, distribution, etc. 1966.
300 ## - PHYSICAL DESCRIPTION
Extent 285 p.
Dimensions 24 cm.
490 1# - SERIES STATEMENT
Series statement Institut de droit comparâe de l'Universitâe de Paris. Les systلemes de droit contemporains,
Volume/sequential designation 19
504 ## - BIBLIOGRAPHY, ETC. NOTE
Bibliography, etc. note Bibliography: p. 270-280.
650 #0 - SUBJECT ADDED ENTRY--TOPICAL TERM
Topical term or geographic name entry element Law
Geographic subdivision Japan
General subdivision History.
810 2# - SERIES ADDED ENTRY--CORPORATE NAME
Corporate name or jurisdiction name as entry element Universitâe de Paris.
Subordinate unit Institut de droit comparâe.
Title of a work Systلemes de droit contemporains ;
Volume/sequential designation 19.
902 ## - LOCAL DATA ELEMENT B, LDB (RLIN)
No. of Items 1
905 ## - LOCAL DATA ELEMENT E, LDE (RLIN)
Cataloger Eman
Reviser Rev.
905 ## - LOCAL DATA ELEMENT E, LDE (RLIN)
Cataloger Jamal
Reviser Cat.
942 ## - ADDED ENTRY ELEMENTS (KOHA)
Source of classification or shelving scheme Dewey Decimal Classification
Koha item type Books
المقتنيات
Source of classification or shelving scheme Not for loan Home library Current library Date acquired Full call number Barcode Date last seen Copy number Koha item type
Dewey Decimal Classification   المكتبة المركزبة الجديدة - جامعة القاهرة قاعة الثقاقات الاجنبية - الدور الثالث 11.02.2024 340.0952 N761i Jap. 01000115000112000 05.07.2024 C.1 Books
Cairo University Libraries Portal Implemented & Customized by: Eng. M. Mohamady Contacts: new-lib@cl.cu.edu.eg | cnul@cl.cu.edu.eg
CUCL logo CNUL logo
© All rights reserved — Cairo University Libraries
CUCL logo
Implemented & Customized by: Eng. M. Mohamady Contact: new-lib@cl.cu.edu.eg © All rights reserved — New Central Library
CNUL logo
Implemented & Customized by: Eng. M. Mohamady Contact: cnul@cl.cu.edu.eg © All rights reserved — Cairo National University Library